Vista normal
Vista MARC
Entrada Personal Name
Número de registros utilizados en: 1
001 - CONTROL NUMBER
- control field: 17257
003 - CONTROL NUMBER IDENTIFIER
- control field: DLC
005 - DATE AND TIME OF LATEST TRANSACTION
- control field: 20250625161038.0
008 - FIXED-LENGTH DATA ELEMENTS
- fixed length control field: 800811n| acannaab |n aaa
010 ## - LIBRARY OF CONGRESS CONTROL NUMBER
- LC control number: n 80079121
040 ## - CATALOGING SOURCE
- Original cataloging agency: DLC
- Transcribing agency: Mx-PuUPA
- Modifying agency: DLC
- Modifying agency: Mx-PuUPAMx-PuUPA
- Language of cataloging: spa
- Description conventions: rda
100 10 - HEADING--PERSONAL NAME
- Personal name: Emery, Douglas R.,
374 ## - OCCUPATION
- Occupation: Autor
375 ## - GENDER
- Gender: hombre
377 ## - ASSOCIATED LANGUAGE
- Language code: eng
670 ## - SOURCE DATA FOUND
- Source citation: Lewellen, W. G. On the matter of parity among financial obligations, 1980 (a.e.)
- Information found: t.p. (Douglas R. Emery) unnumb. prelim. p. (Purdue Univ.)
670 ## - SOURCE DATA FOUND
- Source citation: Debt management, 2001:
- Information found: CIP t.p. (Douglas R. Emery) data sheet (b. 09-11-1949)